000 00378 a2200169 4500
001 12770
020 _a9788575263846
040 _cAnchieta - Aquarius
100 _aCisalpiano, Murilo
240 1 0 _aO tamanho da gente
_lpor
245 1 0 _aO tamanho da gente
300 _a31
362 0 _a2009
440 1 _aAutĂȘntica
650 4 _aLiteratura infanto-juvenil
942 _cBK
999 _c12770
_d12770